| 000 | 01157nam a22002777a 4500 | ||
|---|---|---|---|
| 999 |
_c8589 _d8589 |
||
| 005 | 20200107070408.0 | ||
| 008 | 140804|2012 ck 2012 s spa | | ||
| 020 | _a9789585762404 | ||
| 040 |
_aCO-BoIAVH _cCO-BoIAVH |
||
| 041 | _aspa | ||
| 044 | _ack | ||
| 082 |
_a333.72 _bG16p |
||
| 090 |
_aEducación Ambiental _b00139 |
||
| 100 | 1 |
_aGarcía-Parra, Alba Lorena _9102250 |
|
| 245 | 1 | 0 |
_aProceso de Conservación en el Departamento del Quindío / _cAlba Lorena, García Parra...(et al.) |
| 260 |
_aQuindío, Colombia _bCorporación Autónoma Regional del Quindío _c2012 |
||
| 300 |
_a68 p. _bIl., fot. (col.), tablas _c28 cm. |
||
| 504 | _aIncluye referencias bibliográficas (pag. 65-67) | ||
| 650 | 6 |
_aÁreas de conservación de recursos naturales _zQuindío (Dpt. Colombia) _9102251 |
|
| 650 | 6 |
_aConservación de la naturaleza _zQuindío (Dpt. Colombia) _9102252 |
|
| 650 | 6 |
_a Participación ciudadana _zQuindío (Dpt. Colombia) _9102253 |
|
| 700 | 1 |
_aArbeláez-Cardona, Javier Antonio _eed. _9102254 |
|
| 700 | 1 |
_aRamírez-López, Mónica Patricia _eed. _9102255 |
|
| 700 | 1 |
_aArroyave-Zapata, Mónica Andrea _eed. _9102256 |
|
| 942 |
_2z _cLIBRO |
||